| 000 | nam a22 7a 4500 | ||
|---|---|---|---|
| 999 |
_c233428 _d233428 |
||
| 003 | Nust | ||
| 005 | 20170307153222.0 | ||
| 008 | 170307b xxu||||| |||| 00| 0 eng d | ||
| 040 | _cDLC | ||
| 082 | _a363.73874 DAS | ||
| 245 |
_aGlobal Climate and Sustainable Development vol.1 / _cDass,Sujata K. |
||
| 260 |
_aDelhi : _bISHA Books, |
||
| 300 |
_a306p. : _c 25cm |
||
| 942 |
_2ddc _cBK |
||